000 00669nam a2200289Ia 4500
005 20260324124432.0
008 008 260324s9999 xx 000 0 eng d
020 _a9781315834269
037 _aEBOOK
040 _aCRL
040 _beng
040 _cCRL
041 _2eng
041 _aeng
084 _qCRL
100 _aIan Law
_91160369
245 0 _aRacism and Ethnicity
245 0 _bGlobal Debates, Dilemmas, Directions
260 _bTaylor and Francis
260 _c2010
365 _a
365 _b290
856 _uhttp://www.taylorfrancis.com/books/9781315834269
942 _cEBOOK
999 _c1768517
_d1768517